[Event "EIBCC 2019"]
[Site "Tallinn"]
[Date "2019.12.07"]
[Round "17.6"]
[White "Demidov, Mikhail"]
[Black "Sebenik, Matej"]
[Result "1/2-1/2"]
[WhiteElo "2631"]
[BlackElo "2457"]
[Annotator "ChessBase"]
[PlyCount "101"]
[EventDate "2019.12.06"]
[EventType "swiss"]
[EventCountry "EST"]
[SourceTitle "playchess.com"]
[Source "ChessBase"]
[SourceQuality "1"]

1. d4 Nf6 2. Bg5 d5 3. Nf3 Ne4 4. Bf4 c5 5. dxc5 Nc6 6. e3 e6 7. Nbd2 Nxd2 8. Qxd2 Bxc5 9. Be2 O-O 10. O-O b6 11. Rfd1 Bb7 12. c4 dxc4 13. Bxc4 Qxd2 14. Nxd2 Be7 15. Be2 Bf6 16. Rab1 Ne5 17. Bxe5 Bxe5 18. Nc4 Bf6 19. Bf3 Bxf3 20. gxf3 Rfd8 21. b3 Kf8 22. Kf1 Rxd1+ 23. Rxd1 Ke7 24. Ke2 g5 25. a4 Rc8 26. h3 Rc7 27. Rd2 Rc8 28. Rd1 Rc7 29. Rd2 Rc8 30. Rc2 a6 31. Ra2 Rc6 32. Kd3 Kd7 33. b4 b5 34. axb5 axb5 35. Ra7+ Rc7 36. Rxc7+ Kxc7 37. Nd2 Be7 38. Kc3 f5 39. Nb3 Bf6+ 40. Kd3 Kc6 41. e4 fxe4+ 42. fxe4 h5 43. f3 Be5 44. Nc5 Kd6 45. Nb3 Kc6 46. Nc1 Bg3 47. Nb3 Be5 48. Nc1 Bg3 49. Nb3 Be5 50. Nc1 Bg3 51. Nb3 1/2-1/2

[Event "EIBCC 2019"]
[Site "Tallinn"]
[Date "2019.12.07"]
[Round "17.7"]
[White "Motylev, Alexander"]
[Black "Galopoulos, Nikolaos"]
[Result "1/2-1/2"]
[WhiteElo "2629"]
[BlackElo "2429"]
[Annotator "ChessBase"]
[PlyCount "125"]
[EventDate "2019.12.06"]
[EventType "swiss"]
[EventCountry "EST"]
[SourceTitle "playchess.com"]
[Source "ChessBase"]
[SourceQuality "1"]

1. e4 e5 2. Nf3 Nc6 3. Bb5 Nge7 4. d4 exd4 5. Nxd4 d6 6. O-O Bd7 7. Nc3 Nxd4 8. Bxd7+ Qxd7 9. Qxd4 Nc6 10. Qd3 Be7 11. Qg3 g6 12. Nd5 O-O-O 13. Bd2 f5 14. Rfe1 Rde8 15. exf5 Qxf5 16. Nxe7+ Rxe7 17. Rxe7 Nxe7 18. Re1 Nc6 19. Qc3 Rf8 20. f3 Qf7 21. b3 Re8 22. Rxe8+ Qxe8 23. Kf2 Ne5 24. Qd4 b6 25. Bf4 Qe6 26. Qe4 Kd7 27. Bxe5 dxe5 28. Ke3 Qd6 29. Qa4+ Ke6 30. Qc4+ Kf6 31. h4 c6 32. c3 Qd5 33. Qd3 Qxd3+ 34. Kxd3 Kf5 35. Ke3 h5 36. g3 b5 37. b4 a6 38. a3 g5 39. hxg5 Kxg5 40. Ke4 Kf6 41. Kd3 Kf5 42. Ke3 Kf6 43. Ke4 Ke6 44. Ke3 Kf5 45. Kd3 Ke6 46. c4 Kf5 47. c5 Ke6 48. Ke3 Kf5 49. Kd3 Ke6 50. Ke4 Kf6 51. Kd3 Kf5 52. Ke3 Ke6 53. Kf2 Kf5 54. Kg2 Kf6 55. Kh2 Kg6 56. Kh3 Kg5 57. Kg2 Kg6 58. g4 h4 59. Kh2 Kh6 60. Kg2 Kg6 61. Kh2 Kh6 62. Kg2 Kg6 63. Kh2 1/2-1/2

[Event "EIBCC 2019"]
[Site "Tallinn"]
[Date "2019.12.07"]
[Round "17.8"]
[White "Lazavik, Denis"]
[Black "Esipenko, Andrey"]
[Result "1-0"]
[WhiteElo "2222"]
[BlackElo "2582"]
[Annotator "ChessBase"]
[PlyCount "127"]
[EventDate "2019.12.06"]
[EventType "swiss"]
[EventCountry "EST"]
[SourceTitle "playchess.com"]
[Source "ChessBase"]
[SourceQuality "1"]

1. d4 Nf6 2. c4 e6 3. Nf3 d5 4. Nc3 dxc4 5. e4 b5 6. e5 Nd5 7. Nxb5 Nb6 8. Be2 Nc6 9. O-O Be7 10. Qd2 Bb7 11. Nc3 O-O 12. Qf4 Nb4 13. Rd1 Rb8 14. Qg3 Kh8 15. Bg5 f6 16. exf6 gxf6 17. Be3 N4d5 18. Rac1 Rg8 19. Qh3 Qd7 20. g3 Nxe3 21. fxe3 Nd5 22. Nxd5 Bxd5 23. Rd2 Qc6 24. Qf1 Bd6 25. Qf2 Qb7 26. Nh4 Rbf8 27. Bxc4 f5 28. Bxd5 Qxd5 29. Qf3 Qxa2 30. Ng2 Qa5 31. Rdc2 Rf6 32. Nf4 Rh6 33. Kg2 Qb4 34. Re2 a5 35. d5 e5 36. Ne6 Rf6 37. Rf1 e4 38. Qh5 Qc4 39. Nf4 Bxf4 40. Rxf4 Qxd5 41. Ref2 Rgf8 42. Qe2 c5 43. Qc2 c4 44. Qc3 Kg8 45. h3 Rg6 46. Kh2 Qd3 47. Qc1 Qd5 48. Qc3 h5 49. Rd2 Qf7 50. Rd4 Rc8 51. Rd2 a4 52. Rdf2 Rf6 53. Rxe4 Qg6 54. Ref4 Qf7 55. e4 Re8 56. Rxf5 Rxf5 57. Rxf5 Qg6 58. Qxc4+ Kg7 59. Qc3+ Kg8 60. Qc4+ Kg7 61. Qc7+ Kg8 62. Qf4 Rc8 63. Rg5 Rc2+ 64. Kg1 1-0

[Event "EIBCC 2019"]
[Site "Tallinn"]
[Date "2019.12.07"]
[Round "17.9"]
[White "Mamedov, Rauf"]
[Black "Dragnev, Valentin"]
[Result "1-0"]
[WhiteElo "2670"]
[BlackElo "2523"]
[Annotator "ChessBase"]
[PlyCount "88"]
[EventDate "2019.12.06"]
[EventType "swiss"]
[EventCountry "EST"]
[SourceTitle "playchess.com"]
[Source "ChessBase"]
[SourceQuality "1"]

1. e4 e5 2. Nf3 Nc6 3. Bb5 a6 4. Ba4 Nf6 5. Nc3 b5 6. Bb3 Be7 7. a4 b4 8. Nd5 Na5 9. Ba2 Nxd5 10. Bxd5 c6 11. Ba2 d6 12. d4 Qc7 13. h3 O-O 14. O-O Kh8 15. dxe5 dxe5 16. Be3 f5 17. exf5 Bxf5 18. Qe2 Bd6 19. Rad1 Rae8 20. Ng5 b3 21. cxb3 h6 22. Nf3 Rf6 23. Qxa6 c5 24. Qb5 Bd7 25. Qe2 Nc6 26. Bb1 Nd4 27. Bxd4 exd4 28. Qd3 Bf5 29. Qxf5 Rxf5 30. Bxf5 Qb7 31. Bc2 Re2 32. Bd3 Rxb2 33. Rfe1 g5 34. Nd2 Rxb3 35. Be4 Qb4 36. Nxb3 Qxb3 37. a5 Qa4 38. Ra1 Qd7 39. a6 Bb8 40. Reb1 Ba7 41. Rb7 Qe6 42. Rxa7 Qxe4 43. Rc7 d3 44. a7 d2 1-0

[Event "EIBCC 2019"]
[Site "Tallinn"]
[Date "2019.12.07"]
[Round "17.10"]
[White "Usmanov, Vasily"]
[Black "Riazantsev, Alexander"]
[Result "1-0"]
[WhiteElo "2495"]
[BlackElo "2635"]
[Annotator "ChessBase"]
[PlyCount "127"]
[EventDate "2019.12.06"]
[EventType "swiss"]
[EventCountry "EST"]
[SourceTitle "playchess.com"]
[Source "ChessBase"]
[SourceQuality "1"]

1. Nf3 d5 2. b3 Bf5 3. Nh4 Be6 4. Bb2 Nf6 5. e3 g6 6. c4 Bg7 7. Nf3 O-O 8. cxd5 Bxd5 9. Nc3 Bc6 10. Be2 Nbd7 11. d4 Ne4 12. O-O Nxc3 13. Bxc3 e6 14. Bb4 Re8 15. Rc1 a5 16. Ba3 Bxf3 17. Bxf3 c6 18. g3 Nf6 19. h4 h5 20. Kg2 Nd5 21. Rc4 Bf8 22. Bc1 Bg7 23. a3 Qb6 24. Qc2 Rad8 25. Rd1 Ne7 26. Bd2 Nd5 27. Rc5 Ra8 28. Rc4 Bf8 29. Bc1 Bg7 30. Bd2 Bf8 31. Bc1 Bg7 32. e4 Nf6 33. Be3 Qd8 34. Be2 Re7 35. f3 Rd7 36. Rb1 Ne8 37. Rd1 Nd6 38. Rc5 Ne8 39. d5 exd5 40. exd5 Rxd5 41. Rdxd5 cxd5 42. Bg5 Qd6 43. Bf4 Qe6 44. Bb5 Nd6 45. Qd3 Nxb5 46. Rxb5 d4 47. Rxb7 Re8 48. Rb8 Rxb8 49. Bxb8 Qe7 50. a4 Qa3 51. Bf4 Qb2+ 52. Bd2 Bf8 53. Kf1 Bb4 54. Bxb4 axb4 55. f4 Kf8 56. Ke1 Ke7 57. Qe2+ Qxe2+ 58. Kxe2 Kd6 59. Kd3 Kd5 60. a5 Kc5 61. a6 Kb6 62. Kxd4 Kxa6 63. Kc5 Ka5 64. Kc4 1-0

[Event "EIBCC 2019"]
[Site "Tallinn"]
[Date "2019.12.07"]
[Round "17.11"]
[White "Hjartarson, Johann"]
[Black "Stupak, Kirill"]
[Result "0-1"]
[WhiteElo "2559"]
[BlackElo "2459"]
[Annotator "ChessBase"]
[PlyCount "150"]
[EventDate "2019.12.06"]
[EventType "swiss"]
[EventCountry "EST"]
[SourceTitle "playchess.com"]
[Source "ChessBase"]
[SourceQuality "1"]

1. e4 e6 2. d4 d5 3. e5 c5 4. c3 Qb6 5. Nf3 Nc6 6. a3 f6 7. Bd3 fxe5 8. dxe5 c4 9. Bc2 g6 10. O-O Bg7 11. Re1 Nge7 12. Nbd2 Qc7 13. Qe2 O-O 14. Nf1 Bd7 15. Ng3 b6 16. h4 Nf5 17. Nxf5 gxf5 18. Bf4 Be8 19. Ng5 Qe7 20. g3 b5 21. Qe3 Bh5 22. Bd1 Bxd1 23. Raxd1 h6 24. Nf3 Kh7 25. Qe2 a5 26. h5 Qf7 27. Nh4 Ne7 28. Be3 Rac8 29. Ng2 Rg8 30. Bb6 Nc6 31. Bd4 Bf8 32. Nf4 Be7 33. Ng6 Rxg6 34. hxg6+ Qxg6 35. Be3 Rg8 36. Bf4 Bg5 37. Qe3 Bxf4 38. Qxf4 Qg5 39. Qf3 Qg4 40. Kg2 Qxf3+ 41. Kxf3 Rg4 42. Kg2 Kg8 43. f3 Rg6 44. f4 Kh7 45. Kf3 Rg7 46. Rb1 a4 47. Rbd1 Rg6 48. Rh1 Rg7 49. Rh4 Rg6 50. Rdh1 Ne7 51. Rh5 Kg7 52. R1h3 Nc6 53. R3h4 d4 54. cxd4 Nxd4+ 55. Kf2 Nb3 56. Rh1 Nc5 57. Rd1 Nd3+ 58. Kf3 Kh7 59. Rh2 Rg7 60. Rhd2 Rd7 61. Ke3 Rg7 62. Rg1 Rd7 63. g4 fxg4 64. Rxg4 Rf7 65. Rdg2 Re7 66. Kd4 Rd7+ 67. Kc3 Rf7 68. Rh2 Nxf4 69. Kb4 Nd5+ 70. Kxb5 c3 71. bxc3 Nxc3+ 72. Kb4 Nd5+ 73. Kxa4 Ra7+ 74. Kb3 Rb7+ 75. Kc2 Ne3+ 0-1

[Event "EIBCC 2019"]
[Site "Tallinn"]
[Date "2019.12.07"]
[Round "17.12"]
[White "Lintchevski, Daniil"]
[Black "Ladva, Ottomar"]
[Result "1-0"]
[WhiteElo "2553"]
[BlackElo "2457"]
[Annotator "ChessBase"]
[PlyCount "70"]
[EventDate "2019.12.06"]
[EventType "swiss"]
[EventCountry "EST"]
[SourceTitle "playchess.com"]
[Source "ChessBase"]
[SourceQuality "1"]

1. e4 g6 2. d4 Bg7 3. Nf3 d6 4. Bc4 Nf6 5. Qe2 O-O 6. O-O Bg4 7. e5 dxe5 8. dxe5 Nd5 9. Nbd2 Nc6 10. Qe4 Bxf3 11. Nxf3 Nb6 12. Bb3 Na5 13. Bg5 Nxb3 14. axb3 Qd5 15. Qh4 f6 16. Bh6 Bxh6 17. Qxh6 Rfd8 18. Rfe1 Qf7 19. h4 a6 20. Re2 Nd5 21. Rae1 f5 22. Ng5 Qg7 23. Qxg7+ Kxg7 24. Ne6+ Kf7 25. Nxd8+ Rxd8 26. Rd1 c6 27. c4 Nf4 28. Rxd8 Nxe2+ 29. Kf1 Nc1 30. b4 Na2 31. b5 axb5 32. cxb5 cxb5 33. Rb8 Ke6 34. Rxb7 b4 35. f4 Nc1 1-0

[Event "EIBCC 2019"]
[Site "Tallinn"]
[Date "2019.12.07"]
[Round "17.13"]
[White "Nguyen, Thai Dai Van"]
[Black "Ruck, Robert"]
[Result "1/2-1/2"]
[WhiteElo "2419"]
[BlackElo "2541"]
[Annotator "ChessBase"]
[PlyCount "84"]
[EventDate "2019.12.06"]
[EventType "swiss"]
[EventCountry "EST"]
[SourceTitle "playchess.com"]
[Source "ChessBase"]
[SourceQuality "1"]

1. d4 Nf6 2. c4 e6 3. Nc3 Bb4 4. Qc2 O-O 5. e4 d5 6. e5 Ne4 7. Bd3 c5 8. Nf3 cxd4 9. Nxd4 Nd7 10. Bf4 Qh4 11. g3 Qh5 12. O-O g5 13. cxd5 gxf4 14. Nxe4 exd5 15. Nf6+ Nxf6 16. exf6 Bh3 17. Rfd1 Rac8 18. Qe2 Qxe2 19. Bxe2 fxg3 20. hxg3 Rfe8 21. Bf3 Rcd8 22. Rac1 Rd6 23. a3 Ba5 24. Rc5 Bb6 25. Rxd5 Rxf6 26. Bg2 Bg4 27. Rc1 h6 28. a4 a6 29. a5 Ba7 30. Rc7 Bc8 31. Bf1 Bb8 32. Rc1 Bg4 33. Nc2 Bf3 34. Rd2 h5 35. Bg2 h4 36. Bxf3 Rxf3 37. Kg2 Rf5 38. gxh4 Rxa5 39. Ne3 Bf4 40. Rc3 Rae5 41. Rd7 Bxe3 42. fxe3 Rxe3 1/2-1/2

[Event "EIBCC 2019"]
[Site "Tallinn"]
[Date "2019.12.07"]
[Round "17.14"]
[White "Shubin, Kirill"]
[Black "Ziska, Helgi Dam"]
[Result "1-0"]
[WhiteElo "2401"]
[BlackElo "2614"]
[Annotator "ChessBase"]
[PlyCount "165"]
[EventDate "2019.12.06"]
[EventType "swiss"]
[EventCountry "EST"]
[SourceTitle "playchess.com"]
[Source "ChessBase"]
[SourceQuality "1"]

1. e4 c5 2. Nf3 d6 3. d4 cxd4 4. Qxd4 a6 5. h3 Nc6 6. Qe3 g6 7. c4 Bg7 8. Nc3 Nf6 9. Be2 O-O 10. O-O Be6 11. Rb1 Nd7 12. b3 f6 13. Bb2 Bf7 14. Rfd1 Re8 15. Rbc1 Rc8 16. Nd5 e6 17. Nc3 Bf8 18. Nd4 g5 19. Nxc6 bxc6 20. b4 Rb8 21. Ba3 Qc7 22. b5 Nc5 23. e5 fxe5 24. Qxg5+ Kh8 25. Bxc5 dxc5 26. bxc6 Be7 27. Qe3 Rbd8 28. Bf3 Rd4 29. Rb1 Rb8 30. Rxb8+ Qxb8 31. Rb1 Qd6 32. Ne4 Qxc6 33. Ng5 Qe8 34. Qxe5+ Kg8 35. Ne4 Bg6 36. Qxe6+ Qf7 37. Rb8+ Bf8 38. Qxf7+ Kxf7 39. Rb7+ Ke6 40. Ng5+ Ke5 41. Bd5 Rd1+ 42. Kh2 Bd6 43. g3 h6 44. Nf3+ Kf6 45. Rb6 Ke7 46. Rxa6 Bd3 47. Ra7+ Kf6 48. Rf7+ Kg6 49. Rd7 Bb8 50. a4 Kf6 51. a5 Be4 52. Rb7 Bxd5 53. cxd5 Bd6 54. a6 Ra1 55. a7 c4 56. Nd4 Bc5 57. Nb5 Ra5 58. d6 c3 59. Nxc3 Bxa7 60. d7 Ke7 61. Ne4 Ra4 62. Kg2 Bd4 63. Kf3 Ra3+ 64. Kf4 Ra4 65. f3 Ra3 66. g4 Ra5 67. h4 Rd5 68. g5 hxg5+ 69. hxg5 Be5+ 70. Kg4 Rd4 71. Kf5 Rd5 72. Kg4 Rd4 73. g6 Rd1 74. Kf5 Bg7 75. f4 Rd5+ 76. Kg4 Rxd7 77. Rxd7+ Kxd7 78. Kg5 Bd4 79. f5 Ke7 80. f6+ Ke6 81. g7 Kf7 82. Kh6 Bxf6 83. Nxf6 1-0

[Event "EIBCC 2019"]
[Site "Tallinn"]
[Date "2019.12.07"]
[Round "17.15"]
[White "Yuffa, Daniil"]
[Black "Kozak, Adam"]
[Result "0-1"]
[WhiteElo "2582"]
[BlackElo "2385"]
[Annotator "ChessBase"]
[PlyCount "122"]
[EventDate "2019.12.06"]
[EventType "swiss"]
[EventCountry "EST"]
[SourceTitle "playchess.com"]
[Source "ChessBase"]
[SourceQuality "1"]

1. d4 Nf6 2. c4 e6 3. g3 Bb4+ 4. Bd2 Be7 5. Bg2 d5 6. Nf3 O-O 7. O-O Nbd7 8. Qb3 c6 9. Rd1 b6 10. Nc3 Bb7 11. Bf4 Nh5 12. Bd2 Nhf6 13. Bf4 Nh5 14. Bc1 Nhf6 15. Nd2 c5 16. cxd5 cxd4 17. d6 Bxg2 18. dxe7 Qxe7 19. Kxg2 dxc3 20. Qxc3 Rac8 21. Qb3 Rfd8 22. Nf3 Nc5 23. Rxd8+ Qxd8 24. Qe3 Qd1 25. Qd2 Rd8 26. Qxd1 Rxd1 27. b3 Nd5 28. Bb2 Rxa1 29. Bxa1 Nb4 30. Bd4 Nxa2 31. Bxc5 bxc5 32. Nd2 f5 33. Kf3 Nc1 34. e4 Kf7 35. Ke3 Ke7 36. f4 Kd7 37. h3 h5 38. Kf3 Kc6 39. g4 hxg4+ 40. hxg4 g6 41. exf5 exf5 42. gxf5 gxf5 43. Ke3 a5 44. Nc4 Nxb3 45. Kd3 a4 46. Kc3 Nd4 47. Ne3 Kb5 48. Nd5 Kc6 49. Ne3 Kd6 50. Nc4+ Ke6 51. Kd3 Kf6 52. Kc3 Ne6 53. Nb6 Nxf4 54. Nxa4 Ne6 55. Kd3 Ke5 56. Ke3 f4+ 57. Kf3 c4 58. Nc3 Kd4 59. Nb5+ Kd3 60. Na3 c3 61. Kg4 c2 0-1

[Event "EIBCC 2019"]
[Site "Tallinn"]
[Date "2019.12.07"]
[Round "17.16"]
[White "Dorokhin, Mykhailo"]
[Black "Kulaots, Kaido"]
[Result "0-1"]
[WhiteElo "2364"]
[BlackElo "2562"]
[Annotator "ChessBase"]
[PlyCount "64"]
[EventDate "2019.12.06"]
[EventType "swiss"]
[EventCountry "EST"]
[SourceTitle "playchess.com"]
[Source "ChessBase"]
[SourceQuality "1"]

1. f4 g6 2. Nf3 Bg7 3. e3 c5 4. d4 Nf6 5. Be2 O-O 6. O-O d5 7. c3 Nc6 8. Bd2 Qb6 9. Qc1 Bf5 10. Be1 Rac8 11. Nbd2 a5 12. Bh4 a4 13. a3 Ng4 14. Bf2 Nxf2 15. Kxf2 cxd4 16. exd4 Nxd4 17. Nxd4 Bxd4+ 18. Kg3 e5 19. h3 exf4+ 20. Kh2 Be3 21. Bf3 d4 22. c4 Bd3 23. Rh1 Qa5 24. Rd1 Qg5 25. Bg4 Rxc4 26. Nf3 Qc5 27. b4 axb3 28. Qb2 h5 29. Rxd3 hxg4 30. hxg4 Rc2 31. Qxb3 Kg7 32. Qxb7 Rh8+ 0-1

[Event "EIBCC 2019"]
[Site "Tallinn"]
[Date "2019.12.07"]
[Round "17.17"]
[White "Gretarsson, Helgi Ass"]
[Black "Mustaps, Matiss"]
[Result "1-0"]
[WhiteElo "2523"]
[BlackElo "2361"]
[Annotator "ChessBase"]
[PlyCount "107"]
[EventDate "2019.12.06"]
[EventType "swiss"]
[EventCountry "EST"]
[SourceTitle "playchess.com"]
[Source "ChessBase"]
[SourceQuality "1"]

1. d4 Nf6 2. c4 g6 3. Nc3 Bg7 4. e4 O-O 5. f4 d6 6. Nf3 c5 7. dxc5 Qa5 8. Bd3 Qxc5 9. Qe2 Bg4 10. Be3 Bxf3 11. Qxf3 Qa5 12. Rc1 Nbd7 13. O-O Rac8 14. a3 a6 15. Rfd1 Qh5 16. Qxh5 Nxh5 17. g4 Nhf6 18. h3 Nc5 19. Bc2 Ne6 20. Nd5 Nxd5 21. exd5 Nc5 22. b4 Nd7 23. Bd3 Bb2 24. Rb1 Bg7 25. Kf2 Ra8 26. Bf1 Rfc8 27. Rdc1 a5 28. bxa5 Rxa5 29. Rxb7 Nc5 30. Rxe7 Rxa3 31. Rb1 Bf8 32. Bxc5 Rxc5 33. Re8 Ra2+ 34. Kg3 Ra3+ 35. Kh2 Ra2+ 36. Kg1 Kg7 37. Rb7 Rca5 38. Rd8 Rc2 39. Rdd7 Ra1 40. Rxf7+ Kg8 41. Rf6 Rcc1 42. Rb8 Rxf1+ 43. Kg2 Rg1+ 44. Kf2 Rgf1+ 45. Kg3 h5 46. Rbxf8+ Kg7 47. R8f7+ Kg8 48. Rd7 hxg4 49. hxg4 Ra3+ 50. Kh4 Rg1 51. Rxg6+ Kf8 52. Kg5 Ra4 53. Kf6 Ke8 54. Re7+ 1-0

[Event "EIBCC 2019"]
[Site "Tallinn"]
[Date "2019.12.07"]
[Round "17.18"]
[White "Duzhakov, Ilya"]
[Black "Schneider, Ilja"]
[Result "0-1"]
[WhiteElo "2346"]
[BlackElo "2483"]
[Annotator "ChessBase"]
[PlyCount "126"]
[EventDate "2019.12.06"]
[EventType "swiss"]
[EventCountry "EST"]
[SourceTitle "playchess.com"]
[Source "ChessBase"]
[SourceQuality "1"]

1. d4 d5 2. c4 c6 3. Nf3 Nf6 4. e3 Bf5 5. Nc3 e6 6. Nh4 Be4 7. f3 Bg6 8. Qb3 Qc7 9. Nxg6 hxg6 10. g3 Nbd7 11. Bd2 Be7 12. O-O-O dxc4 13. Bxc4 b5 14. Be2 a6 15. Kb1 c5 16. dxc5 Nxc5 17. Qc2 Rc8 18. e4 Qb7 19. Rc1 O-O 20. a3 Rfd8 21. e5 Nfd7 22. f4 Na4 23. Ka1 Ndc5 24. Be3 Nxc3 25. Qxc3 Nd3 26. Qb3 Nxc1 27. Rxc1 Rxc1+ 28. Bxc1 Qh1 29. Kb1 Rc8 30. Qe3 Qe1 31. Bf3 Qxe3 32. Bxe3 Bc5 33. Bb7 Rc7 34. Bxc5 Rxb7 35. Kc2 Rc7 36. b4 Rd7 37. Bd6 f6 38. Kc3 Kf7 39. Kd4 Rd8 40. Kc5 Ke8 41. Kb6 Kd7 42. h4 f5 43. Kb7 Rc8 44. Bc5 Rc7+ 45. Kb6 Rc6+ 46. Kb7 a5 47. Bf8 axb4 48. axb4 Rc3 49. Kb6 Rxg3 50. Bxg7 Rg4 51. Bh6 Rxh4 52. Bg5 Rg4 53. Bh6 Rh4 54. Bg5 Rh5 55. Kxb5 Rxg5 56. fxg5 f4 57. Kc4 Kc6 58. Kd4 Kb5 59. Ke4 Kxb4 60. Kxf4 Kc4 61. Ke4 Kc5 62. Ke3 Kd5 63. Kf4 Kd4 0-1

[Event "EIBCC 2019"]
[Site "Tallinn"]
[Date "2019.12.07"]
[Round "17.19"]
[White "Blohberger, Felix"]
[Black "Pohjala, Henri"]
[Result "1-0"]
[WhiteElo "2330"]
[BlackElo "2447"]
[Annotator "NA"]
[PlyCount "65"]
[EventDate "2019.12.06"]
[EventType "swiss"]
[EventCountry "EST"]
[SourceTitle "playchess.com"]
[Source "ChessBase"]
[SourceQuality "1"]

1. d4 d5 2. Bf4 Nf6 3. e3 Bf5 4. Nf3 e6 5. Bd3 Bg4 6. c4 Bb4+ 7. Nc3 O-O 8. Qb3 Bxc3+ 9. bxc3 b6 10. Ne5 Bh5 11. O-O c6 12. a4 Nfd7 13. Nxd7 Nxd7 14. cxd5 exd5 15. c4 dxc4 16. Bxc4 a6 17. Rfc1 b5 18. Bd3 Qb6 19. Qc2 Rac8 20. Bxh7+ Kh8 21. Bf5 Qb7 22. Be4 Nf6 23. axb5 axb5 24. Bxc6 Qb6 25. Qc5 Qxc5 26. Rxc5 Be2 27. Rb1 Bd3 28. Rbc1 Be2 29. f3 Bd3 30. Bxb5 Rxc5 31. Rxc5 Bg6 32. Ba6 Bf5 33. Rxf5 1-0

[Event "EIBCC 2019"]
[Site "Tallinn"]
[Date "2019.12.07"]
[Round "17.20"]
[White "Belyakov, Bogdan"]
[Black "Kukk, Sander"]
[Result "0-1"]
[WhiteElo "2431"]
[BlackElo "2312"]
[Annotator "NA RC"]
[PlyCount "113"]
[EventDate "2019.12.06"]
[EventType "swiss"]
[EventCountry "EST"]
[SourceTitle "playchess.com"]
[Source "ChessBase"]
[SourceQuality "1"]

1. e4 g6 2. d4 Bg7 3. Nc3 c6 4. Nf3 d5 5. h3 dxe4 6. Nxe4 Nd7 7. Bc4 Ngf6 8. Nxf6+ Nxf6 9. O-O O-O 10. c3 Nd5 11. Re1 Re8 12. Ne5 Be6 13. Bb3 Qc8 14. h4 f6 15. Nd3 Bf7 16. h5 gxh5 17. Nf4 Qg4 18. Nxd5 cxd5 19. Qd3 e6 20. Re3 Bg6 21. Qb5 b6 22. Rg3 Qe4 23. Bd2 h4 24. Rf3 Qg4 25. Rf4 Qh5 26. Re1 Be4 27. Rfxe4 a6 28. Qc6 dxe4 29. Bxe6+ Kh8 30. Qxe4 h3 31. gxh3 Bh6 32. Bxh6 Qxh6 33. d5 Ra7 34. d6 Rg7+ 35. Kf1 Qg5 36. Qg4 Qb5+ 37. c4 Qxb2 38. d7 Rd8 39. Qf4 Qc3 40. Bf5 b5 41. Re8+ Rg8 42. Rxd8 Rxd8 43. cxb5 axb5 44. Qd6 Qc4+ 45. Kg2 Rg8+ 46. Bg4 Qe4+ 47. Kg3 Qe5+ 48. Qxe5 fxe5 49. Kf3 Kg7 50. Ke4 Kf6 51. Kd5 Ke7 52. Kxe5 Ra8 53. f4 Rxa2 54. Kd4 Rf2 55. Kc5 Rb2 56. Kc6 b4 57. Kc5 0-1

[Event "EIBCC 2019"]
[Site "Tallinn"]
[Date "2019.12.07"]
[Round "17.21"]
[White "Kashtanov, Ruslan"]
[Black "Aleksandrov, Aleksej"]
[Result "0-1"]
[WhiteElo "2302"]
[BlackElo "2416"]
[Annotator "NA"]
[PlyCount "94"]
[EventDate "2019.12.06"]
[EventType "swiss"]
[EventCountry "EST"]
[SourceTitle "playchess.com"]
[Source "ChessBase"]
[SourceQuality "1"]

1. e4 e5 2. Nf3 Nc6 3. Bb5 a6 4. Ba4 Nf6 5. Qe2 Bc5 6. c3 O-O 7. d3 Re8 8. Bg5 b5 9. Bb3 a5 10. a3 a4 11. Ba2 d6 12. Nbd2 Be6 13. Bxe6 Rxe6 14. Nf1 Qd7 15. Be3 Na5 16. N1d2 Bxe3 17. fxe3 d5 18. exd5 Qxd5 19. Ng5 Re7 20. Rd1 Rd8 21. Nde4 Ne8 22. O-O f6 23. Nf3 Nd6 24. Nxd6 cxd6 25. e4 Qc6 26. Nh4 d5 27. Nf5 Red7 28. exd5 Qxd5 29. d4 Nc4 30. Qg4 g6 31. Ng3 Ne3 32. Qh4 Nxf1 33. Rxf1 exd4 34. Qxf6 d3 35. Nf5 gxf5 36. Rxf5 d2 37. Rg5+ Qxg5 38. Qxg5+ Kf8 39. Qf6+ Ke8 40. Qe6+ Re7 41. Qg8+ Kd7 42. Qd5+ Kc8 43. Qa8+ Kd7 44. Qd5+ Kc8 45. Qa8+ Kc7 46. Qa7+ Kc6 47. Qa6+ Kc5 0-1

[Event "EIBCC 2019"]
[Site "Tallinn"]
[Date "2019.12.07"]
[Round "17.22"]
[White "Kanep, Meelis"]
[Black "Sysolyatin, Evgeny"]
[Result "1-0"]
[WhiteElo "2280"]
[BlackElo "2396"]
[Annotator "NA"]
[PlyCount "61"]
[EventDate "2019.12.06"]
[EventType "swiss"]
[EventCountry "EST"]
[SourceTitle "playchess.com"]
[Source "ChessBase"]
[SourceQuality "1"]

1. d4 d5 2. c4 e6 3. Nc3 Nf6 4. Nf3 Nbd7 5. Bg5 Be7 6. e3 c6 7. Qc2 Nh5 8. Bxe7 Qxe7 9. O-O-O Nhf6 10. Kb1 b6 11. g4 h6 12. Rg1 Bb7 13. h4 O-O-O 14. g5 hxg5 15. hxg5 Ne4 16. Nxe4 dxe4 17. Nd2 c5 18. Nxe4 cxd4 19. exd4 Kb8 20. Bg2 f6 21. gxf6 gxf6 22. c5 bxc5 23. dxc5 Ne5 24. Nd6 Bxg2 25. Rxg2 Nc6 26. Qe4 Kc7 27. Rdg1 Rd7 28. Rg3 e5 29. Rb3 Rb8 30. Rxb8 Nxb8 31. Qb7+ 1-0

[Event "EIBCC 2019"]
[Site "Tallinn"]
[Date "2019.12.07"]
[Round "17.23"]
[White "Studer, Noel"]
[Black "Shapiro, Viktor"]
[Result "1/2-1/2"]
[WhiteElo "2394"]
[BlackElo "2267"]
[Annotator "NA RC"]
[PlyCount "122"]
[EventDate "2019.12.06"]
[EventType "swiss"]
[EventCountry "EST"]
[SourceTitle "playchess.com"]
[Source "ChessBase"]
[SourceQuality "1"]

1. d4 Nf6 2. c4 c5 3. d5 e6 4. Nc3 exd5 5. cxd5 Bd6 6. Nf3 Bc7 7. d6 Ba5 8. g3 Ne4 9. Qd3 f5 10. Bg2 Qf6 11. Bd2 Qxd6 12. Nxe4 Qxd3 13. exd3 fxe4 14. dxe4 Bxd2+ 15. Nxd2 Nc6 16. Nc4 Ke7 17. O-O-O Nd4 18. e5 g5 19. Rhe1 Rf8 20. Rd2 Rb8 21. b4 b6 22. Nd6 Ba6 23. Re3 Nf5 24. Ra3 Bc8 25. Rxa7 Nxd6 26. exd6+ Kd8 27. b5 Rf6 28. Kd1 Ke8 29. Ke1 Kf8 30. Rc7 h6 31. a4 Ke8 32. Ra7 Kf8 33. Kf1 c4 34. Ke1 c3 35. Rc2 Rxd6 36. Rxc3 Re6+ 37. Kf1 d5 38. Bh3 Re8 39. Bxc8 Rbxc8 40. Rf3+ Kg8 41. Rff7 d4 42. Rg7+ Kh8 43. Rh7+ Kg8 44. Rxh6 Rc1+ 45. Kg2 Rd8 46. Rg6+ Kh8 47. Rh6+ Kg8 48. Rg6+ Kh8 49. Rxb6 d3 50. Rh6+ Kg8 51. Rg6+ Kh8 52. Rh6+ Kg8 53. Rg6+ Kh8 54. Rh6+ Kg8 55. Rhh7 d2 56. Rhg7+ Kh8 57. Rh7+ Kg8 58. Rhg7+ Kh8 59. Rh7+ Kg8 60. Rag7+ Kf8 61. Rf7+ Kg8 1/2-1/2

[Event "EIBCC 2019"]
[Site "Tallinn"]
[Date "2019.12.07"]
[Round "17.24"]
[White "Azimov, Ilyas"]
[Black "Volodin, Aleksandr"]
[Result "0-1"]
[WhiteElo "2183"]
[BlackElo "2401"]
[Annotator "NA"]
[PlyCount "164"]
[EventDate "2019.12.06"]
[EventType "swiss"]
[EventCountry "EST"]
[SourceTitle "playchess.com"]
[Source "ChessBase"]
[SourceQuality "1"]

1. e4 c5 2. Nf3 Nc6 3. d4 cxd4 4. Nxd4 e6 5. Nc3 Qc7 6. g3 a6 7. Bg2 Nf6 8. O-O h5 9. h3 Bc5 10. Be3 d6 11. Re1 Bd7 12. Nb3 Bxe3 13. Rxe3 Ne5 14. Nd2 Bc6 15. Qe2 O-O 16. Rd1 Ng6 17. Nb3 b5 18. a3 Rac8 19. Red3 Rfd8 20. Re3 Bb7 21. Nd4 Ne5 22. b3 Qb6 23. a4 b4 24. Nb1 h4 25. Kh2 hxg3+ 26. Rxg3 Qc7 27. f4 Ned7 28. Rg1 Qc5 29. Rd1 Kf8 30. c4 bxc3 31. Rxc3 Qb6 32. Rxc8 Rxc8 33. Nf3 Bxe4 34. Nbd2 d5 35. Nxe4 Nxe4 36. Qb2 Qe3 37. f5 Qf4+ 38. Kg1 Qxf5 39. Rf1 Ndf6 40. Ne5 Qg5 41. Nf3 Qe3+ 42. Kh2 Qf4+ 43. Kg1 Qe3+ 44. Kh2 Qc3 45. Qa3+ Qc5 46. Qb2 Kg8 47. Ne5 Qc3 48. Qxc3 Rxc3 49. Bxe4 dxe4 50. b4 Rb3 51. b5 axb5 52. axb5 Rxb5 53. Nc6 Rb2+ 54. Kg3 Rb3+ 55. Kh2 Nd5 56. Ra1 e3 57. Nd4 Rd3 58. Nf3 f6 59. Kg3 Rb3 60. Ra6 Rb6 61. Ra8+ Kf7 62. Ra7+ Kg6 63. Nh4+ Kh7 64. Nf3 Rb2 65. Ra6 Rb6 66. Ra7 Rc6 67. Ra5 Rc7 68. Ra6 Re7 69. Ra2 f5 70. Ne5 Nc3 71. Rc2 Nd5 72. Kf3 Rb7 73. Rc6 Rb6 74. Rc2 Rb1 75. h4 Rf1+ 76. Kg3 f4+ 77. Kg4 Rf2 78. Rc6 e2 79. Nd3 Rf1 80. Rxe6 f3 81. Kg3 Nf6 82. Re7 Nh5+ 0-1